Railroad tigers (Record no. 168073)

MARC details
000 -LEADER
fixed length control field 00724ngm a2200169 i 4500
001 - CONTROL NUMBER
control field C2-0343749
003 - CONTROL NUMBER IDENTIFIER
control field PPAK
005 - DATE AND TIME OF LATEST TRANSACTION
control field 20180727222822.0
008 - FIXED-LENGTH DATA ELEMENTS--GENERAL INFORMATION
fixed length control field 171122s2017 cc |||| ||||| | vleng d
040 ## - CATALOGING SOURCE
Original cataloging agency PPAK
Language of cataloging eng
Transcribing agency PPAK
Description conventions rda
245 00 - TITLE STATEMENT
Title Railroad tigers
264 #1 - PRODUCTION, PUBLICATION, DISTRIBUTION, MANUFACTURE, AND COPYRIGHT NOTICE
Place of production, publication, distribution, manufacture China; Kuala Lumpur :
Name of producer, publisher, distributor, manufacturer Shanghai Film Group; Golden Satellite Distribution Sdn. Bhd. (Malaysia Distributor) ,
Date of production, publication, distribution, manufacture, or copyright notice 2017
500 ## - GENERAL NOTE
General note Summary : In this action comedy caper reminiscent of Jackie Chan's classic Hong Kong films, a railroad worker and his ragtag group of freedom fighters find themselves on the wrong side of the tracks when they decide to ambush a heavily arm
700 ## - ADDED ENTRY--PERSONAL NAME
Relator term author
Personal name Ding, Sheng,
Relator term compile
942 ## - ADDED ENTRY ELEMENTS (KOHA)
Source of classification or shelving scheme Dewey Decimal Classification
Koha item type Digital Video Disc
Holdings
Withdrawn status Lost status Source of classification or shelving scheme Damaged status Not for loan Current library Shelving location Date acquired Source of acquisition Total Checkouts Full call number Barcode Date last seen Date last checked out Cost, replacement price Koha item type
    Dewey Decimal Classification     Perpustakaan Alor Setar Pinjaman Dewasa 29/11/2017 GI 1 791.4372 RAI A01547621 16/11/2022 01/11/2022 24.90 Digital Video Disc